Prisoner - The Weeknd Lyrics - Statistics

General Stats
  • This quiz has been taken 63 times
  • The average score is 193 of 232
Answer Stats
Hint Answer % Correct
a
100%
I
100%
prisoner
100%
Chorus | Chorus 2x I'm
96%
to
96%
and
93%
amazing
89%
amazing,
89%
be
89%
empty
89%
feel
89%
in
89%
it
89%
It's
89%
it's
89%
its
89%
life,
89%
life
89%
my
89%
so
89%
the
89%
addicted
86%
been
86%
but
86%
But
86%
'Cause
86%
long
86%
love
86%
Love
86%
rush
86%
that
86%
that's
86%
this
86%
too
86%
You
86%
your
86%
all
82%
bring
82%
burning,
82%
burning
82%
can
82%
cold
82%
good
82%
honestly
82%
I've
82%
lonely
82%
me
82%
nothing
82%
think
82%
without
82%
addiction
79%
always
79%
don't
79%
for
79%
get
79%
know,
79%
know
79%
of
79%
out
79%
place,
79%
place
79%
selfish,
79%
up
79%
want
79%
When
79%
would
79%
destined
75%
end
75%
hollywood
75%
lesson,
75%
slow
75%
soul
75%
way
75%
come
71%
eyes
71%
hard
71%
let's
71%
look
68%
Maybe
68%
mean
68%
say
68%
will
68%
into
64%
world
64%
yeah
64%
decisions
61%
off
61%
touch
57%
is
54%
wrapped
54%
as
50%
seems
50%
stranger
50%
where
50%
dreams
46%
than
46%
real
43%
3x woo,
39%
nothing's
32%
hmm
18%
No matching quizzes found
Score Distribution
Percent of People with Each Score
Percentile by Number Answered
Your Score History
You have not taken this quiz